Lily Tan kesayangan guru

Bibliographic Details
Main Author: Amer Haji Matsom
Format: Book
Published: Selangor : Penerbitan Orkid , 2005
Series:Siri pelajar pekerti terpuji
Subjects:

MARC

LEADER 00000cam a2200000 7i4500
001 0000000372
005 20151222.0
008 070702
020 |a 983891391X 
020 |a 9838913928(set) 
090 0 0 |a JF   |b PR MAL (168) 
100 0 |a Amer Haji Matsom 
245 1 0 |a Lily Tan kesayangan guru   |c Amer Haji Matsom 
260 |a Selangor :   |b Penerbitan Orkid ,   |c 2005 
440 0 |a Siri pelajar pekerti terpuji 
500 |a Children ages 7-9 years old (orange) 
650 0 |a Malay fiction 
999 |a 0000907617   |b Book   |c Teenagers   |e Cawangan Bandar Tenggara 
999 |a 0000907618   |b Book   |c Teenagers   |e Cawangan Bandar Tenggara 
999 |a 0000918222   |b Book   |c Children Collection   |e Cawangan Bukit Gambir 
999 |a 0000918223   |b Book   |c Children Collection   |e Cawangan Bukit Gambir 
999 |a 0000918224   |b Book   |c Adult Collection   |e Cawangan Bukit Gambir 
999 |a 0000931455   |b Book   |c Children Collection   |e Cawangan Tangkak 
999 |a 0000931456   |b Book   |c Children Collection   |e Cawangan Tangkak 
999 |a 0000931457   |b Book   |c Children Collection   |e Cawangan Tangkak 
999 |a 0000956239   |b Book   |c Children Collection   |e Cawangan Tmn. Ungku Tun Aminah 
999 |a 0000956240   |b Book   |c Children Collection   |e Cawangan Segamat 
999 |a 0000956241   |b Book   |c Children Collection   |e Cawangan Sri Merlong 
999 |a 0000956242   |b Book   |c Children Collection   |e Perbadanan Perpustakaan Awam Johor 
999 |a 0000956243   |b Book   |c Children Collection   |e Perbadanan Perpustakaan Awam Johor 
999 |a 0000956271   |b Book   |c Children Collection   |e Cawangan Taman Universiti 
999 |a 0001072488   |b Book   |c Teenagers   |e Cawangan Bandar Tenggara